First lessons in Modern geology. (Record no. 183767)

000 -LEADER
fixed length control field 01047 a2200181 4500
003 - CONTROL NUMBER IDENTIFIER
control field Nust
005 - DATE AND TIME OF LATEST TRANSACTION
control field 20170207153313.0
020 ## - INTERNATIONAL STANDARD BOOK NUMBER
International Standard Book Number 0026-7775
040 ## - CATALOGING SOURCE
Transcribing agency Nust
082 ## - DEWEY DECIMAL CLASSIFICATION NUMBER
Classification number 551
100 ## - MAIN ENTRY--PERSONAL NAME
Personal name Green A H
245 ## - TITLE STATEMENT
Title First lessons in Modern geology.
Statement of responsibility, etc. A.H Green
260 ## - PUBLICATION, DISTRIBUTION, ETC.
Place of publication, distribution, etc. Oxford
Name of publisher, distributor, etc. At The Clarendon
Date of publication, distribution, etc. 1898
300 ## - PHYSICAL DESCRIPTION
Extent 211:p
505 ## - FORMATTED CONTENTS NOTE
Formatted contents note What geology can Teach us (Page-1) What Sandstone is made of (Page-9) What Quartz is made of (Page-17) How Sandstones and Clays are Produced(Page-34) What Limestone’s is Made of (page-51) How Limestone’s Ware Formed (Page-58) On The Distribution of the Material (Page-72) About Rock-salt , Dolomite and Gypsum(Page-81) About Coal and How it Was Made (Page-91)About Glacier and Ice-Sheets (Page-103) About Crystals (Page-114) About Crystalline ,Gassy and Fragmentary Rock (Page-125)How Rock Have Been Bent into Folds (Page-155) Some Way in Which Rocks have Been Altered in Structure Since They Were Formed (Page-173) About Fossils (Page-200)
538 ## - SYSTEM DETAILS NOTE
System details note Almirah No 18. Shelf No.4
650 ## - SUBJECT ADDED ENTRY--TOPICAL TERM
Topical term or geographic name entry element Geology
942 ## - ADDED ENTRY ELEMENTS (KOHA)
Source of classification or shelving scheme
Koha item type Book
Holdings
Withdrawn status Lost status Source of classification or shelving scheme Damaged status Not for loan Collection code Permanent Location Current Location Date acquired Total Checkouts Full call number Barcode Date last seen Price effective from Koha item type
            Military College of Signals (MCS) Military College of Signals (MCS) 12/12/2016   551 GRE MCS29766 12/08/2016 12/12/2016 Book
© 2023 Central Library, National University of Sciences and Technology. All Rights Reserved.